Advanced engineering mathematics (Record no. 1337)

000 -LEADER
fixed length control field 00610nam a2200217 a 4500
001 - CONTROL NUMBER
control field 1337
003 - CONTROL NUMBER IDENTIFIER
control field BD-DhUET
008 - FIXED-LENGTH DATA ELEMENTS--GENERAL INFORMATION
fixed length control field 980909s1999 nyua b 001 0 eng
020 ## - INTERNATIONAL STANDARD BOOK NUMBER
International Standard Book Number 047133328X
040 ## - CATALOGING SOURCE
Original cataloging agency DLC
Transcribing agency DLC
Modifying agency BD-DhUET
082 00 - DEWEY DECIMAL CLASSIFICATION NUMBER
Classification number 530.15
Item number KRE/1999
100 ## - MAIN ENTRY--PERSONAL NAME
Personal name Kreyszig, Erwin
245 10 - TITLE STATEMENT
Title Advanced engineering mathematics
250 ## - EDITION STATEMENT
Edition statement 8th ed.
260 ## - PUBLICATION, DISTRIBUTION, ETC. (IMPRINT)
Place of publication, distribution, etc. New Delhi
Name of publisher, distributor, etc. John Wiley & Sons
Date of publication, distribution, etc. 1999
300 ## - PHYSICAL DESCRIPTION
Extent xvi,1156 p.+ various paging
504 ## - BIBLIOGRAPHY, ETC. NOTE
Bibliography, etc Includes bibliographies
650 #0 - SUBJECT ADDED ENTRY--TOPICAL TERM
Topical term or geographic name as entry element Engineering mathematics
856 41 - ELECTRONIC LOCATION AND ACCESS
Uniform Resource Identifier http://www.loc.gov/catdir/toc/onix04/98037591.html
942 ## - ADDED ENTRY ELEMENTS (KOHA)
Koha item type General Book
Holdings
Piece designation (barcode) Koha date last borrowed Koha item type Withdrawn status Koha issues (times borrowed) Koha full call number Lost status Koha normalized classification for sorting Source of classification or shelving scheme Not for loan Koha date last seen Damaged status Location (home branch) Shelving location Koha renewals Price effective from Sublocation or collection (holding branch) Copy number Date acquired
1038142024-01-30General Book 2530.15/KRE/1999 530_000000000000000_15KRE1999  2024-03-06 Central Library, BUETCirculation section 2014-09-03Central Library, BUET12014-09-03
103815 General Book  530.15/KRE/1999 530_000000000000000_15KRE1999  2014-09-03 Central Library, BUETCirculation section 2014-09-03Central Library, BUET22014-09-03
1038162024-01-22General Book 6530.15/KRE/1999 530_000000000000000_15KRE1999  2024-02-03 Central Library, BUETCirculation section 2014-09-03Central Library, BUET32014-09-03
1038172024-01-30General Book 3530.15/KRE/1999 530_000000000000000_15KRE1999  2024-02-17 Central Library, BUETCirculation section 2014-09-03Central Library, BUET42014-09-03
1038182024-01-30General Book 5530.15/KRE/1999 530_000000000000000_15KRE1999  2024-02-19 Central Library, BUETCirculation section 2014-09-03Central Library, BUET52014-09-03
975092024-01-30General Book 8530.15/KRE/1999 530_150000000000000_KRE_1999  2024-02-05 Central Library, BUETCirculation section22014-10-27Central Library, BUET62014-10-27
96647 Reading Item  530.15/KRE/1999 530_150000000000000_KRE_1999  2015-06-16 Central Library, BUETReading section 2015-06-16Central Library, BUET72015-06-16
975082025-12-01General Book 8530.15/KRE/1999 530_150000000000000_KRE_1999  2026-01-18 Central Library, BUETCirculation section 2017-05-28Central Library, BUET82003-05-10